01660nam a2200337 i 4500001001000000003000900010005001700019007000300036008004100039040003000080082001400110100003300124245011200157264007400269300003800343336002700381337003300408338002800441490001300469500003900482590002600521830002000547910000700567942001400574952013600588952013600724952011300860952017800973952015401151999001701305000031815DO-SdBNP20240930114453.0ta110706s1961 dr a 000 0 spa d aDO-SdBNPbspacBNPHUerda bR621v2221 aRivera, Papitoeautor92949610aVilla de Santiago y Ciudad de Santiago de los 30 Caballeros :b(Apuntes para su historia) /cPapito Rivera. aCiudad Trujillo, República Dominicana :bEditora del Caribe,c1961. atomo 1 :bilustraciones ;c23 cm. ardacontentbtexto2txt ardamediabsin mediación2n brdacarrier0volumen2nc1 aSantiago aLa biblioteca solo posee el tomo 1 aInventariado, 2024/DG 0aSantiago958030 aDG 2ddccLBS1 00102ddc54708RVaBNPHUbBNPHUcHDd2015-07-22iLF1l0oxxx R621vp31815-30r2020-06-25te. 3w2020-06-25y4ZPréstamo en sala 00102ddc54708RVaBNPHUbBNPHUcHDd2015-08-19iLF1l0oxxx R621vp31815-40r2020-06-25te. 4w2020-06-25y4ZPréstamo en sala 001050718RVaPDbPDcHDd2011-07-06iLF1l0oxxx R621vp31815-10r2020-06-25w2020-06-25y1ZNo se presta 001050718RVaPDbPDcHDd2011-07-06iLF1l0oxxx R621vp31815-20r2020-06-25te. 2w2020-06-25y1zPerteneció a la biblioteca personal de Martínez Boog.ZNo se presta 00102ddc56708DSaBNPHUbBNPHUcCTd2024-09-30edonaciónl0oBNPHU DS R621vp2024-5477r2024-09-30te.5w2024-09-30yLBS1zEmilio Cordero Michel c31307d31307